000 00872nac a22002651i 4500
003 EG-ScBUE
005 20241110150242.0
008 241110s1993 nyua f 001 0 eng d
020 _a0852262590
040 _aEG-ScBUE
_beng
_erda
_cEG-ScBUE
_dEG-ScBUE
082 0 0 _a519.1
_bFEL
_222
100 1 _aFeller, William,
_eauthor.
245 1 3 _aAn introduction to probability theory and its applications /
_cWilliam Feller, eugene higgins professor of mathematics, Princeton University.
250 _aThird edition.
264 _aNew York :
_bWiley,
_c1993
300 _a509 pages :
_billustrations ;
_c24 cm
336 _2rdacontent
_atext
_btxt
337 _aunmediated
_2rdamedia
_bn
338 _avolume
_bnc
_2rdacarrier
500 _aIncludes index.
505 0 _aVolume 1
650 7 _aProbabilities.
_2BUEsh
655 _vReading book
942 _cNB
_2ddc
999 _c6088
_d6088